000 00575nam a22002177a 4500
003 UA-OsUOA
001 53184
007 ta
008 20080320b un ||||| |||| 00| 0 ukr d
100 _aМельниченко В.
090 _a82
_bМ-12
942 _cSA
040 _aUA-OsUOA
_bukr
_cUA-OsUOA
_dUA-OsUOA
245 _aТарас Шевченко в Москві. Березень 1858 року
300 _aС.10
955 _a0
041 _aukr
080 _a82
773 0 _w53182
650 7 _a82 Література. Літературознавство
_2UDC
999 _c339277
_d339277